Química orgánica

Bibliographic Details
Main Author: Solomons, Graham T.W
Format: Section = Libro
Language:Undetermined
Spanish
Published: México Limusa 1990
Subjects:
LEADER 00439nam a2200181Ia 4500
008 240830s9999 xx 000 0 und d
020 |a 968-18-0982-3 
040 |a CEDOC FIQ-RUSB / 547 S689 
041 |a spa 
082 |a 547 S689 
100 1 |a Solomons, Graham T.W 
245 1 0 |a Química orgánica 
260 |a México  |b Limusa  |c 1990 
300 |a 1125 p. : il 
650 7 |a QUIMICA ORGANICA 
942 |c BK  |2 ddc 
991 |a TEXTO 
999 |c 14078